Synthesis and characterization of bimetallic nanoparticles loaded with chenopodium quinoa extract assessment of antibacterial and cytotoxic effects : [abstract] /

Elmentve itt :
Bibliográfiai részletek
Szerzők: Ilayan Lina
Matalqah Sina
Al-Dhagestani Hala
Testületi szerző: VIII. Symposium of Young Researchers on Pharmaceutical Technology, Biotechnology and Regulatory Science
Dokumentumtípus: Könyv része
Megjelent: University of Szeged Szeged 2026
Sorozat:Symposium of Young Researchers on Pharmaceutical Technology, Biotechnology and Regulatory Science 8
Kulcsszavak:Biotechnológia - előadáskivonat, Nanotechnológia - előadáskivonat
Tárgyszavak:
doi:10.14232/syrptbrs.2026.25

Online Access:http://acta.bibl.u-szeged.hu/89430
LEADER 01196naa a2200241 i 4500
001 acta89430
005 20260216102825.0
008 260216s2026 hu o 100 eng d
024 7 |a 10.14232/syrptbrs.2026.25  |2 doi 
040 |a SZTE Egyetemi Kiadványok Repozitórium  |b hun 
041 |a eng 
100 1 |a Ilayan Lina 
245 1 0 |a Synthesis and characterization of bimetallic nanoparticles loaded with chenopodium quinoa extract  |h [elektronikus dokumentum] :  |b assessment of antibacterial and cytotoxic effects : [abstract] /  |c  Ilayan Lina 
260 |a University of Szeged  |b Szeged  |c 2026 
300 |a 25 
490 0 |a Symposium of Young Researchers on Pharmaceutical Technology, Biotechnology and Regulatory Science  |v 8 
650 4 |a Orvos- és egészségtudomány 
650 4 |a Általános orvostudomány 
695 |a Biotechnológia - előadáskivonat, Nanotechnológia - előadáskivonat 
700 0 1 |a Matalqah Sina  |e aut 
700 0 2 |a Al-Dhagestani Hala  |e aut 
711 |a VIII. Symposium of Young Researchers on Pharmaceutical Technology, Biotechnology and Regulatory Science  |c Szeged  |d 2026. január 28-30. 
856 4 0 |u http://acta.bibl.u-szeged.hu/89430/1/syrptbrs_2026_025.pdf  |z Dokumentum-elérés